| 000 | 00837nam a22001817a 4500 | ||
|---|---|---|---|
| 003 | IT-RoPau | ||
| 005 | 20220918175938.0 | ||
| 008 | 130124b xxu||||| |||| 00| 0 eng d | ||
| 040 | _cIT-RoPau | ||
| 100 |
_aMerlo , Tecla _9231 |
||
| 245 |
_aPensieri tratti dalle conferenze della Prima Maestra _b(Riservato alle Professe) |
||
| 250 | _aI | ||
| 260 |
_aRoma _bTipografia Figlie di San Paolo _c1954 |
||
| 300 |
_a299 p. _c14,5 cm |
||
| 490 |
_aEdizioni Paoline _vI |
||
| 520 | _aIndice Costituzioni Pietà - fervore Divozione alla Madonna Spirito di fede Generosità Povertà Castità Obbedienza Carità Vita Comune Umiltà Sincerità Serenità Spirito di adattamento Silenzio Amore ai Superiori e alla Congregazione Studio e apostolato Letture Vocazioni Cura della salute Pensieri d'occasione Avvisi vari Lettere | ||
| 942 |
_2ddc _cBK |
||
| 999 |
_c37829 _d37829 |
||